Estadísticas para Países más Poblados - 1500 DC

Haz click aquí para intentar la prueba.

Estadísticas generales

  • Esta prueba ha sido intentada 808 veces
  • La puntuación promedio es 15 de 19

Estadísticas de respuestas

PoblaciónPaís% Correcto
185 MChina
100%
6 MEspaña
97%
13 MFrancia
96%
170 MIndia
96%
7 MRusia
95%
12 MAlemania
94%
9 MItalia
94%
14 MJapón
92%
5 MEgipto
84%
6 MTurquía
84%
11 MMéxico
82%
10 MIndonesia
77%
4 MPolonia
75%
7 MPakistán
72%
7 MNigeria
63%
7 MPerú
62%
13 MBangladés
60%
4 MUcrania
56%
6 MR.D. Congo
53%

Distribución de puntuación

Porcentaje por número respondido

Porcentaje de gente con cada puntuación

Historial de tus puntuaciones

No has intentado esta prueba.